000 00750nas a2200241 4500
001 BR9605445
003 BR-BrBNA
005 20231205095404.0
007 ta
008 230509b bl.|||p| |||| 00| 00por d
040 _aBR-BrBNA
_bpor
_cBiblioteca Nacional de Agricultura
041 _a(Pt)
072 _aH20
100 1 _aAlmeida, I.M.G.
100 1 _aMalavolta Junior, V.A.
245 1 _aOcorrencia e caracterizacao de Erwinia chrysanthemi em cravo (Dianthus caryophyllus)no Brasil
650 _aCravo
650 _aBacteria
650 _aControle Quimico
773 0 _tSumma Phytopathologica (Brazil)
_xISSN 0100-5405
_g(Apr-Jun 1995), v. 21(2) p. 184-187
_wBR9605445
909 _a202311
_bLúcia
_c55
_dLúcia Elande
942 _2AGRIS
_n0
_cANA
999 _c150385
_d150385